000
00198 a2200097 4500
020
_a
950-511-794-9
041
_a
spa
100
_a
Serrano, Marcela
245
_a
Cuentos de mujeres solas
942
_c
BK
999
_c
12894
_d
12894